书目信息 |
| 题名: |
单片机与PC机网络通信技术
|
|
| 作者: | 李朝青 , 刘艳玲 , 沈怡麟 编著 | |
| 分册: | ||
| 出版信息: | 北京 北京航空航天大学出版社 2007.02 |
|
| 页数: | 273页 | |
| 开本: | 26cm | |
| 丛书名: | ||
| 单 册: | ||
| 中图分类: | TN915 | |
| 科图分类: | ||
| 主题词: | 单片微型计算机--dan pian wei xing ji suan ji--计算机通信网络 | |
| 电子资源: | ||
| ISBN: | 978-7-81077-901-2 | |
| 000 | 01086nam0 2200265 450 | |
| 001 | 012008746250 | |
| 005 | 20080601112002.10 | |
| 010 | @a978-7-81077-901-2@dCNY26.00 | |
| 100 | @a20080601d2007 em y0chiy0120 ea | |
| 101 | 0 | @achi |
| 102 | @aCN@b110000 | |
| 105 | @aak a 000yy | |
| 106 | @ar | |
| 200 | 1 | @a单片机与PC机网络通信技术@Adan pian ji yu PC ji wang luo tong xin ji shu@f李朝青, 刘艳玲, 沈怡麟等编著@Fli chao qing,liu yan ling,shen yi lin deng bian zhu |
| 210 | @a北京@c北京航空航天大学出版社@d2007.02 | |
| 215 | @a273页@c图@d26cm | |
| 320 | @a有书目 | |
| 330 | @a本书主要讲述了单片机与PC机构建的网络通信技术。内容包括:数据通信及计算机网络的基本概念;RS232C接口及利用MODEM实现远程通信;RS485接口及局域通信网络;单片机及PC机数据网络通信;Windows环境下PC机与单片机数据通信。 | |
| 606 | 0 | @a单片微型计算机@Adan pian wei xing ji suan ji@x计算机通信网络 |
| 690 | @aTN915@v4 | |
| 701 | 0 | @a李朝青@Ali chao qing@4编著 |
| 701 | 0 | @a刘艳玲@Aliu yan ling@4编著 |
| 701 | 0 | @a沈怡麟@Ashen yi lin@4编著 |
| 801 | 0 | @aCN@bQSSK@c20080601 |
| 905 | @b720977-78@dTN915@eL135@f2 | |
| 单片机与PC机网络通信技术/李朝青, 刘艳玲, 沈怡麟等编著.-北京:北京航空航天大学出版社,2007.02 |
| 273页:图;26cm |
| ISBN 978-7-81077-901-2:CNY26.00 |
| 本书主要讲述了单片机与PC机构建的网络通信技术。内容包括:数据通信及计算机网络的基本概念;RS232C接口及利用MODEM实现远程通信;RS485接口及局域通信网络;单片机及PC机数据网络通信;Windows环境下PC机与单片机数据通信。 |
| ● |
| 相关链接 |
|
|
|
正题名:单片机与PC机网络通信技术
索取号:TN915/L135
 
预约/预借
| 序号 | 登录号 | 条形码 | 馆藏地/架位号 | 状态 | 备注 |
| 1 | 720977 | 207209778 | 自科库301/301自科库 38排1列2层/ [索取号:TN915/L135] | 在馆 | |
| 2 | 720978 | 207209787 | 自科库301/301自科库 38排1列2层/ [索取号:TN915/L135] | 在馆 |